Statystyki dla Najpopularniejsze piosenki 2022 według Spotify

Kliknij tutaj aby rozwiązać quiz!

Ogólne statystyki

  • Ten quiz został rozwiązany 82 razy
  • Średni wynik to 6 z 20

Statystyki odpowiedzi

WykonawcaTytuł utworu% Poprawnych
Sobel, sanahCześć jak się masz
67%
sanah, Daria ZawiałowEldorado
59%
SkolimWyglądasz idealnie
54%
GawryleHarnaś ice tea
51%
Smolasty, Young LeosiaBoję Się Kochać
46%
sanah, Dawid Podsiadłoostatnia nadzieja
46%
sanah, Kwiat JabłoniSzary świat
41%
B.R.OJeszcze będzie pięknie
40%
Young Igi, ŻabsonPolski karnawał
36%
DodaMelodia Ta
27%
Smolasty, TribbsSezon
23%
sanah, Artur RojekTęsknię sobie
21%
sanahKolońska i szlugi
19%
Mrozu, Vito BambinoZa Daleko
17%
IgoHelena
13%
Kaśka SochackaNiebo było różowe
11%
Męskie Granie Orkiestra 2022Jest tylko teraz
9%
Dawid KwiatkowskiIdziesz ze mną
6%
Natalia Szroeder, Vito BambinoPóźne godziny
6%
Mr.GunSky Of The Morning
1%

Rozkład punktacji

Percentyl według liczby udzielonych odpowiedzi

Procent ludzi z każdym wynikiem

Twoja historia wyników

Nie rozwiązałeś tego quizu